NTC'S HANDBOOK FOR WRITERS (Record no. 209588)

MARC details
000 -LEADER
fixed length control field 00440nam a22001577a 4500
008 - FIXED-LENGTH DATA ELEMENTS--GENERAL INFORMATION
fixed length control field 240321b |||||||| |||| 00| 0 eng d
020 ## - INTERNATIONAL STANDARD BOOK NUMBER
International Standard Book Number 9780844258119
050 ## - LIBRARY OF CONGRESS CALL NUMBER
Classification number PE 148 .S 74 1995
Item number 1
100 ## - MAIN ENTRY--PERSONAL NAME
Personal name STEINMANN MICHAEL
245 ## - TITLE STATEMENT
Title NTC'S HANDBOOK FOR WRITERS
260 ## - PUBLICATION, DISTRIBUTION, ETC.
Place of publication, distribution, etc. LINCOLINWOOD (CHICAGO) ILLINOIS
Name of publisher, distributor, etc. NTC PUBLISHING GROUP
Date of publication, distribution, etc. 1995
300 ## - PHYSICAL DESCRIPTION
Extent XX, 348PILL
650 ## - SUBJECT ADDED ENTRY
Topical term or geographic name entry element 94-66704
700 ## - ADDED ENTRY--PERSONAL NAME
Personal name KELLER MICHAEL
942 ## - ADDED ENTRY ELEMENTS (KOHA)
Source of classification or shelving scheme Library of Congress Classification
Koha item type Long Loan Book
Holdings
Withdrawn status Lost status Source of classification or shelving scheme Damaged status Not for loan Collection Home library Current library Shelving location Date acquired Inventory number Total checkouts Full call number Barcode Date last seen Copy number Price effective from Koha item type
    Library of Congress Classification     Arts & Social Sciences Kisii University Library Kisii University Library On Display 03/21/2024 099694   PE 14008 .S 74 1995 000000005459 03/21/2024 1 03/21/2024 Long Loan Book